[Event "Madrid ch Veteranos 2012-2013"]
[Site "Madrid ESP"]
[Date "2012.11.06"]
[Round "2.23"]
[White "Perez Cristobal, Alberto"]
[Black "Moral Gonzalez, Vicente"]
[Result "1-0"]
[WhiteElo "1728"]
[BlackElo "1521"]
[PlyCount "49"]
[EventDate "2012.11.05"]
[EventType "swiss"]
[EventRounds "9"]
[EventCountry "ESP"]
[Source "lmi"]
[SourceDate "2012.11.05"]

1. e4 e5 2. Nf3 Nf6 3. d4 exd4 4. e5 Ng8 5. Nxd4 Qe7 6. Qe2 Nc6 7. Nxc6 bxc6 8.
g3 d6 9. Bg2 Bd7 10. O-O Rb8 11. Qc4 c5 12. Qa6 Kd8 13. Qxa7 Rc8 14. Bb7 Qe6
15. Bxc8 Bxc8 16. exd6 Bxd6 17. Nc3 Nf6 18. Bg5 Re8 19. Bxf6+ gxf6 20. Rad1 Re7
21. Nd5 Re8 22. Qa8 Kd7 23. Qa5 Qe5 24. Rfe1 Qh5 25. Nxf6+ 1-0

[Event "Madrid ch Veteranos 2012-2013"]
[Site "Madrid ESP"]
[Date "2012.11.06"]
[Round "2.24"]
[White "Veuthey Martinez, Eloy"]
[Black "Pardinas Riano, Emilio"]
[Result "1-0"]
[WhiteElo "1570"]
[BlackElo "1728"]
[PlyCount "43"]
[EventDate "2012.11.05"]
[EventType "swiss"]
[EventRounds "9"]
[EventCountry "ESP"]
[Source "lmi"]
[SourceDate "2012.11.05"]

1. d4 d5 2. Nf3 Nf6 3. e3 e6 4. Bd3 Bd6 5. O-O O-O 6. Nbd2 Nbd7 7. Re1 e5 8. e4
dxe4 9. Nxe4 Nxe4 10. Rxe4 Nf6 11. Bg5 exd4 12. Nxd4 h6 13. Bxf6 Qxf6 14. Qh5
Bd7 15. g4 Rae8 16. c3 Rxe4 17. Bxe4 c6 18. f3 Bc5 19. Qxc5 Qg5 20. Qxg5 hxg5
21. Kf2 Re8 22. Re1 1-0

[Event "Madrid ch Veteranos 2012-2013"]
[Site "Madrid ESP"]
[Date "2012.11.06"]
[Round "2.25"]
[White "Alfageme Sanchez, Jesus"]
[Black "Sanchez Lucena, Juan"]
[Result "1-0"]
[WhiteElo "1720"]
[BlackElo "1411"]
[PlyCount "83"]
[EventDate "2012.11.05"]
[EventType "swiss"]
[EventRounds "9"]
[EventCountry "ESP"]
[Source "lmi"]
[SourceDate "2012.11.05"]

1. e4 e6 2. Nf3 d5 3. exd5 Qxd5 4. Nc3 Qd7 5. d3 Nf6 6. Be2 b6 7. O-O Bb7 8.
Re1 Be7 9. Ne5 Qd8 10. Bf3 c6 11. Ne4 Nxe4 12. Bxe4 g6 13. Qf3 f5 14. Bxc6+
Nxc6 15. Nxc6 Qd7 16. Ne5 Bxf3 17. Nxd7 Kxd7 18. gxf3 Bf6 19. c3 Rhe8 20. f4
Ke7 21. Be3 Rad8 22. d4 Kf7 23. a4 Rd7 24. Kg2 Rg8 25. Rg1 h6 26. Kf3 g5 27.
fxg5 hxg5 28. h3 Rh8 29. Bxg5 Bxg5 30. Rxg5 Rxh3+ 31. Rg3 Rh6 32. Rag1 Kf6 33.
Rg8 Rh3+ 34. Ke2 Ke7 35. R8g7+ Kd6 36. Rxd7+ Kxd7 37. Rg7+ Kc6 38. Rxa7 Rh1 39.
a5 Ra1 40. axb6 Rxa7 41. bxa7 Kb7 42. Kf3 1-0

[Event "Madrid ch Veteranos 2012-2013"]
[Site "Madrid ESP"]
[Date "2012.11.06"]
[Round "2.26"]
[White "Jaumandreu Llopis, Antonio"]
[Black "Rodriguez Gomez, Jose"]
[Result "0-1"]
[WhiteElo "1553"]
[BlackElo "1709"]
[PlyCount "96"]
[EventDate "2012.11.05"]
[EventType "swiss"]
[EventRounds "9"]
[EventCountry "ESP"]
[Source "lmi"]
[SourceDate "2012.11.05"]

1. e4 e5 2. Nf3 Nc6 3. d4 d6 4. Bb5 Bd7 5. dxe5 Nxe5 6. Nxe5 Bxb5 7. Nxf7 Qe7
8. Nxh8 Qxe4+ 9. Be3 Qxg2 10. Kd2 Nf6 11. Nc3 Bc4 12. Qg1 Qc6 13. Ng6 hxg6 14.
Qxg6+ Bf7 15. Qf5 d5 16. Rae1 Be7 17. Bg5 Kf8 18. Kc1 Re8 19. Bxf6 Bxf6 20.
Rxe8+ Kxe8 21. Re1+ Kd8 22. Qh3 b5 23. Qh8+ Kd7 24. Nxd5 Qxd5 25. Qh3+ Kc6 26.
Qb3 Bg5+ 27. Kb1 Qd2 28. Qf3+ Bd5 29. Qd1 Qxf2 30. Rf1 Qxh2 31. Qd3 Qd6 32.
Qc3+ Bc4 33. Qf3+ Qd5 34. Qxd5+ Bxd5 35. Rg1 Bf6 36. b3 a5 37. Kc1 Kc5 38. Rg4
Bc3 39. Rh4 b4 40. Rg4 Kb5 41. Rf4 c6 42. Rg4 a4 43. Rf4 a3 44. Rf5 Kc5 45. Rf4
Kd6 46. Rg4 Ke6 47. Rg3 Kf5 48. Rg2 Bxg2 0-1

[Event "Madrid ch Veteranos 2012-2013"]
[Site "Madrid ESP"]
[Date "2012.11.06"]
[Round "2.27"]
[White "Poblador Dieguez, Alfredo"]
[Black "Abad Martin-Camunas, Luis"]
[Result "1-0"]
[WhiteElo "1680"]
[BlackElo "1370"]
[PlyCount "47"]
[EventDate "2012.11.05"]
[EventType "swiss"]
[EventRounds "9"]
[EventCountry "ESP"]
[Source "lmi"]
[SourceDate "2012.11.05"]

1. d4 f5 2. g3 g6 3. Bg2 Bg7 4. Bg5 Nf6 5. Nf3 O-O 6. O-O d5 7. Ne5 h6 8. Bxf6
Rxf6 9. Qd3 Qd6 10. c4 dxc4 11. Qxc4+ e6 12. Nc3 a6 13. a4 c6 14. f4 Kh7 15. d5
exd5 16. Nxd5 Be6 17. Nxf6+ Bxf6 18. Qd3 Qe7 19. e4 Bxe5 20. fxe5 Qc5+ 21. Rf2
Nd7 22. exf5 Nxe5 23. Qc3 Ng4 24. Qxc5 1-0

[Event "Madrid ch Veteranos 2012-2013"]
[Site "Madrid ESP"]
[Date "2012.11.06"]
[Round "2.28"]
[White "Infante Martin, Alonso"]
[Black "Fernandez- Bujarrabal V., Pedr"]
[Result "0-1"]
[WhiteElo "1510"]
[BlackElo "1677"]
[PlyCount "56"]
[EventDate "2012.11.05"]
[EventType "swiss"]
[EventRounds "9"]
[EventCountry "ESP"]
[Source "lmi"]
[SourceDate "2012.11.05"]

1. d4 Nf6 2. c4 e6 3. Nc3 Bb4 4. Qc2 c5 5. e3 d5 6. a3 Bxc3+ 7. bxc3 dxc4 8.
Bxc4 cxd4 9. cxd4 O-O 10. Nf3 b6 11. O-O Bb7 12. Be2 Nbd7 13. Bb2 Rc8 14. Qd1
Qe7 15. Nd2 Ne4 16. f3 Nc3 17. Qe1 Nxe2+ 18. Qxe2 Rc2 19. Rfb1 Rfc8 20. a4 Qg5
21. Bc1 R8c3 22. e4 Nf6 23. Kh1 h6 24. a5 b5 25. Rxb5 Rxc1+ 26. Rxc1 Rxc1+ 27.
Nf1 Qd2 28. Rb2 Qxb2 0-1

[Event "Madrid ch Veteranos 2012-2013"]
[Site "Madrid ESP"]
[Date "2012.11.07"]
[Round "3.1"]
[White "Fuentes Arjona, Antonio"]
[Black "Pastor Alonso De Prado, Albert"]
[Result "0-1"]
[WhiteElo "2008"]
[BlackElo "2143"]
[PlyCount "78"]
[EventDate "2012.11.05"]
[EventType "swiss"]
[EventRounds "9"]
[EventCountry "ESP"]
[Source "lmi"]
[SourceDate "2012.11.05"]

1. e4 e5 2. Nf3 Nc6 3. Bc4 Be7 4. d4 exd4 5. Nxd4 d6 6. O-O Nf6 7. Nc3 O-O 8.
h3 Nxd4 9. Qxd4 c6 10. a4 Ne8 11. Bf4 Be6 12. Rad1 Qa5 13. Rfe1 Bf6 14. Qd3 Rd8
15. Bd2 Qc5 16. Bxe6 fxe6 17. Be3 Qa5 18. Qc4 d5 19. exd5 exd5 20. Qc5 Bxc3 21.
bxc3 Qxa4 22. Ra1 Qxc2 23. Rxa7 Nd6 24. Bd4 Rf7 25. Rea1 Nf5 26. Ra8 Rdf8 27.
R1a7 Nxd4 28. Rxf8+ Rxf8 29. Qxd4 Qb1+ 30. Kh2 h6 31. Ra4 Qf5 32. Kg1 Re8 33.
Qb6 Re1+ 34. Kh2 Qe5+ 35. g3 Qxc3 36. Rf4 Qc1 37. Qd8+ Kh7 38. Rd4 Rh1+ 39. Kg2
Rg1+ 0-1

[Event "Madrid ch Veteranos 2012-2013"]
[Site "Madrid ESP"]
[Date "2012.11.07"]
[Round "3.2"]
[White "Gonzalez Mateos, Rafael"]
[Black "Lopez Heras, Arturo"]
[Result "1/2-1/2"]
[WhiteElo "2128"]
[BlackElo "1952"]
[PlyCount "131"]
[EventDate "2012.11.05"]
[EventType "swiss"]
[EventRounds "9"]
[EventCountry "ESP"]
[Source "lmi"]
[SourceDate "2012.11.05"]

1. d4 d5 2. c3 Nc6 3. Bf4 Nf6 4. Nf3 Bf5 5. Qb3 Rb8 6. e3 Nh5 7. Bg5 h6 8. Bh4
g5 9. Bg3 Nxg3 10. hxg3 Bg7 11. Bb5 a6 12. Bxc6+ bxc6 13. Qa3 Rb6 14. Nbd2 Qd6
15. b4 O-O 16. Nb3 Ra8 17. O-O Be4 18. Nfd2 Bd3 19. Rfe1 e5 20. Rac1 exd4 21.
exd4 Rbb8 22. Re3 Bb5 23. Qb2 Re8 24. Rce1 Rxe3 25. Rxe3 Kf8 26. Nc5 Re8 27.
Rxe8+ Kxe8 28. a4 Be2 29. Qc1 Kf8 30. Qe1 Qe7 31. Ndb3 Bc4 32. Qxe7+ Kxe7 33.
Na5 Kd6 34. Nxc4+ dxc4 35. Nxa6 Bxd4 36. cxd4 c3 37. Nc5 Kd5 38. Nd3 Kc4 39.
Nc1 Kxb4 40. Kf1 Kxa4 41. Ke2 Ka3 42. Nd3 Kb3 43. Kd1 f6 44. Kc1 Kc4 45. Kc2
Kxd4 46. Nc1 f5 47. Ne2+ Kc4 48. Nxc3 c5 49. Nd1 Kd4 50. Ne3 Ke4 51. Kd2 h5 52.
f3+ Ke5 53. Kd3 f4 54. Nf1 g4 55. Ke2 fxg3 56. Nxg3 h4 57. Nf1 Kf4 58. Kf2 g3+
59. Ke2 h3 60. Nxg3 hxg2 61. Nh5+ Kg5 62. Kf2 Kxh5 63. Kxg2 Kg5 64. Kf2 Kf4 65.
Ke2 c4 66. Kd2 1/2-1/2

[Event "Madrid ch Veteranos 2012-2013"]
[Site "Madrid ESP"]
[Date "2012.11.07"]
[Round "3.3"]
[White "Garcia Esteban, Ignacio"]
[Black "Estrada Martinez, Cesar"]
[Result "0-1"]
[WhiteElo "1941"]
[BlackElo "2085"]
[PlyCount "140"]
[EventDate "2012.11.05"]
[EventType "swiss"]
[EventRounds "9"]
[EventCountry "ESP"]
[Source "lmi"]
[SourceDate "2012.11.05"]

1. e4 c5 2. c3 g6 3. d4 cxd4 4. cxd4 d5 5. exd5 Nf6 6. Nc3 Nxd5 7. Bc4 Nxc3 8.
bxc3 Bg7 9. Nf3 O-O 10. O-O Nc6 11. Bf4 Bg4 12. h3 Bxf3 13. Qxf3 Rc8 14. Bb3 e6
15. Rac1 Na5 16. Rfd1 Nxb3 17. axb3 Qb6 18. Rb1 Rfd8 19. Rdc1 Qc6 20. Qe3 Qd5
21. Qg3 h6 22. h4 Rc6 23. Qe3 Kh7 24. Qg3 Rdc8 25. Qe3 a5 26. Qd2 b5 27. Be3
Qe4 28. g3 Bf8 29. Ra1 Qd5 30. Qb2 Qd8 31. Qd2 Qc7 32. Bf4 Qb6 33. Be3 Qa6 34.
Qd3 h5 35. Bd2 Bg7 36. Qf3 R6c7 37. g4 Qa8 38. Qxa8 Rxa8 39. g5 a4 40. Ra3 Bf8
41. b4 Rac8 42. Raa1 Bd6 43. f4 Kg7 44. Kg2 f6 45. Kf3 fxg5 46. hxg5 Kf7 47.
Ke3 Ke7 48. Kd3 Kd7 49. Re1 Re8 50. Rac1 Rf8 51. Rf1 Rf5 52. Ke4 Rc8 53. Rc2
Rc4 54. Kd3 Kc6 55. Rcc1 Kd5 56. Rb1 Rc8 57. Rf3 Rcf8 58. Rbf1 a3 59. Kc2 Kc4
60. Kb1 Kb3 61. Ka1 Be7 62. Rb1+ Kc4 63. Ka2 Bxg5 64. Ra1 Bh6 65. Kxa3 g5 66.
Re1 g4 67. Rff1 Bxf4 68. Bxf4 Rxf4 69. Rh1 Rf3 70. Rc1 Rxc3+ 0-1

[Event "Madrid ch Veteranos 2012-2013"]
[Site "Madrid ESP"]
[Date "2012.11.07"]
[Round "3.4"]
[White "Cabanas Bravo, Juan Andres"]
[Black "Camarero Izquierdo, Juan C"]
[Result "1-0"]
[WhiteElo "2077"]
[BlackElo "1942"]
[PlyCount "39"]
[EventDate "2012.11.05"]
[EventType "swiss"]
[EventRounds "9"]
[EventCountry "ESP"]
[Source "lmi"]
[SourceDate "2012.11.05"]

1. e4 c5 2. Nf3 d6 3. d4 cxd4 4. Nxd4 Nf6 5. Nc3 a6 6. Bg5 e6 7. f4 Nbd7 8. Bc4
Qc7 9. Qe2 b5 10. Bxe6 fxe6 11. Nxe6 Qa5 12. e5 dxe5 13. fxe5 Nd5 14. Nxg7+
Bxg7 15. Qh5+ Kf8 16. O-O+ N5f6 17. exf6 Qb6+ 18. Kh1 Nxf6 19. Bxf6 Qxf6 20.
Nd5 1-0

[Event "Madrid ch Veteranos 2012-2013"]
[Site "Madrid ESP"]
[Date "2012.11.07"]
[Round "3.5"]
[White "Buergo Villanueva, Fernando"]
[Black "Gil Sierra, Jacinto"]
[Result "0-1"]
[WhiteElo "1282"]
[BlackElo "2053"]
[PlyCount "104"]
[EventDate "2012.11.05"]
[EventType "swiss"]
[EventRounds "9"]
[EventCountry "ESP"]
[Source "lmi"]
[SourceDate "2012.11.05"]

1. d4 e6 2. Nf3 f5 3. e3 Nf6 4. Be2 b6 5. O-O Bb7 6. Nc3 Bb4 7. Na4 O-O 8. c3
Be7 9. Bd3 Qe8 10. Re1 d6 11. c4 Nbd7 12. Ng5 Qg6 13. e4 fxe4 14. Bc2 Qf5 15.
Nc3 d5 16. g4 Nxg4 17. f3 Bxg5 18. Bxg5 Qxg5 19. fxg4 Rf3 20. Re2 Raf8 21. Qd2
Qxg4+ 22. Rg2 Qf5 23. Qe2 Nf6 24. Rf1 Rxf1+ 25. Qxf1 Qxf1+ 26. Kxf1 Ba6 27. Ke1
Bxc4 28. b3 Ba6 29. a4 c5 30. dxc5 bxc5 31. Bd1 d4 32. Nb5 Bxb5 33. axb5 d3 34.
Rg5 Rc8 35. Re5 Kf7 36. Kd2 Ke7 37. Kc3 h6 38. Kc4 Kd6 39. Rh5 Nxh5 40. Bxh5
Ke5 41. Kc3 Kf4 42. Kd2 Rd8 43. Bg6 e3+ 44. Ke1 e5 45. Bh5 Rb8 46. Bg6 e4 47.
Be8 Rxe8 48. h4 Rb8 49. h5 Rxb5 50. Kf1 Rxb3 51. Kg2 e2 52. Kh3 e1=Q 0-1

[Event "Madrid ch Veteranos 2012-2013"]
[Site "Madrid ESP"]
[Date "2012.11.07"]
[Round "3.6"]
[White "Lorite Cruz, Francisco"]
[Black "Moragrega Herrero, Juan Jose"]
[Result "0-1"]
[WhiteElo "2046"]
[BlackElo "1922"]
[PlyCount "62"]
[EventDate "2012.11.05"]
[EventType "swiss"]
[EventRounds "9"]
[EventCountry "ESP"]
[Source "lmi"]
[SourceDate "2012.11.05"]

1. d4 d5 2. Nf3 g6 3. c4 c6 4. Nc3 Bg7 5. Bf4 Nf6 6. h3 O-O 7. e3 Nbd7 8. Rc1
Nb6 9. c5 Nbd7 10. b4 a6 11. Be2 Re8 12. g4 Nf8 13. Ne5 N6d7 14. Nd3 f6 15. Bg3
e5 16. O-O Ne6 17. Ne1 Qe7 18. Nc2 e4 19. a4 f5 20. Kg2 Bh6 21. gxf5 gxf5 22.
Kh2 f4 23. exf4 Nxf4 24. Rg1 Kh8 25. Ne3 Nf6 26. Bf1 Rg8 27. Ne2 Nd3 28. Rc3
Bd7 29. Ng2 Bxh3 30. Kxh3 Qe6+ 31. Kh2 Ng4+ 0-1

[Event "Madrid ch Veteranos 2012-2013"]
[Site "Madrid ESP"]
[Date "2012.11.07"]
[Round "3.7"]
[White "Minguela Munoz, Bienvenido"]
[Black "Castro Uceda, Jose Antonio"]
[Result "1-0"]
[WhiteElo "1883"]
[BlackElo "1647"]
[PlyCount "73"]
[EventDate "2012.11.05"]
[EventType "swiss"]
[EventRounds "9"]
[EventCountry "ESP"]
[Source "lmi"]
[SourceDate "2012.11.05"]

1. d4 d5 2. c4 e6 3. Nf3 Nf6 4. Bg5 Be7 5. e3 O-O 6. Nc3 c5 7. cxd5 exd5 8. Bd3
c4 9. Bc2 a6 10. O-O Nc6 11. Re1 Bg4 12. e4 Bxf3 13. gxf3 dxe4 14. fxe4 Nxd4
15. Bb1 Nc6 16. Qf3 Ne5 17. Qg3 Nfd7 18. Bxe7 Qxe7 19. Nd5 Qc5 20. Kh1 Qd4 21.
Ne7+ Kh8 22. Nf5 Nd3 23. Nxd4 Nxe1 24. f4 Nd3 25. Bxd3 cxd3 26. Qxd3 Rac8 27.
Qg3 Rc4 28. Nf5 g6 29. Rg1 Rxe4 30. Nh6 Rc4 31. f5 Rc6 32. Qb3 Kg7 33. Ng4 b5
34. Qd5 Rc7 35. f6+ Nxf6 36. Nxf6 Kxf6 37. Qd6+ 1-0

[Event "Madrid ch Veteranos 2012-2013"]
[Site "Madrid ESP"]
[Date "2012.11.07"]
[Round "3.8"]
[White "Beekhof Harmsen, Willen"]
[Black "Garcia Martin, Juan Manuel"]
[Result "0-1"]
[WhiteElo "1762"]
[BlackElo "1874"]
[PlyCount "88"]
[EventDate "2012.11.05"]
[EventType "swiss"]
[EventRounds "9"]
[EventCountry "ESP"]
[Source "lmi"]
[SourceDate "2012.11.05"]

1. d4 Nf6 2. Nf3 d5 3. g3 c6 4. Bg2 Bf5 5. O-O Nbd7 6. c4 e6 7. Nc3 Be7 8. Re1
dxc4 9. Ne5 Nxe5 10. dxe5 Ng4 11. e4 Bg6 12. Qxg4 h5 13. Qe2 h4 14. Rd1 Qc7 15.
Qxc4 hxg3 16. Bf4 gxf2+ 17. Kh1 Bh4 18. Nb5 Qb6 19. Nd6+ Ke7 20. b4 Bh5 21. Qc5
Qxc5 22. bxc5 Bxd1 23. Rxd1 g5 24. Be3 g4 25. Bf4 b5 26. Bf1 g3 27. h3 Rag8 28.
Kg2 Bg5 29. Bxg5+ Rxg5 30. Rd3 Rxe5 31. Kxg3 Rxc5 32. Kxf2 Rc2+ 33. Kg3 Rxa2
34. Nb7 Rg8+ 35. Kf3 a5 36. Rc3 Rb8 37. Nxa5 Rxa5 38. Rxc6 b4 39. Rc7+ Kf6 40.
Kf4 b3 41. e5+ Kg7 42. Bc4 Ra4 43. Kg5 Rxc4 44. Rxc4 b2 0-1

[Event "Madrid ch Veteranos 2012-2013"]
[Site "Madrid ESP"]
[Date "2012.11.07"]
[Round "3.9"]
[White "Ortega Morales, Pedro"]
[Black "Corredor Gonzalez, Angel L"]
[Result "0-1"]
[WhiteElo "1862"]
[BlackElo "1760"]
[PlyCount "36"]
[EventDate "2012.11.05"]
[EventType "swiss"]
[EventRounds "9"]
[EventCountry "ESP"]
[Source "lmi"]
[SourceDate "2012.11.05"]

1. d4 Nf6 2. f4 e6 3. e3 c5 4. c3 Nc6 5. Nf3 d5 6. Bd3 Be7 7. Nbd2 O-O 8. Ne5
cxd4 9. exd4 Bd6 10. h4 Qc7 11. Qe2 Bxe5 12. dxe5 Nd7 13. Bxh7+ Kxh7 14. Qh5+
Kg8 15. Nf3 f6 16. Ng5 fxg5 17. hxg5 Rxf4 18. g6 Qxe5+ 0-1

[Event "Madrid ch Veteranos 2012-2013"]
[Site "Madrid ESP"]
[Date "2012.11.07"]
[Round "3.10"]
[White "Correas Aguilera, Eufemio"]
[Black "De Juan Rivas, Antonio"]
[Result "1-0"]
[WhiteElo "1769"]
[BlackElo "1857"]
[PlyCount "57"]
[EventDate "2012.11.05"]
[EventType "swiss"]
[EventRounds "9"]
[EventCountry "ESP"]
[Source "lmi"]
[SourceDate "2012.11.05"]

1. Nf3 d5 2. c4 c6 3. b3 Nf6 4. g3 Bf5 5. Bg2 e6 6. Bb2 Nbd7 7. O-O Bd6 8. d3
e5 9. cxd5 Nxd5 10. e4 Bxe4 11. dxe4 N5f6 12. Qxd6 Nxe4 13. Qd3 Nec5 14. Qe3 f6
15. Na3 Qc7 16. Bh3 b6 17. Bxd7+ Qxd7 18. Rad1 Qc7 19. Rfe1 O-O 20. Nc4 Rae8
21. Ba3 e4 22. Nh4 f5 23. Ng2 Rf6 24. Bxc5 bxc5 25. Qxc5 Rg6 26. Rd6 f4 27.
Rxg6 hxg6 28. Nxf4 Kh7 29. Qg5 1-0

[Event "Madrid ch Veteranos 2012-2013"]
[Site "Madrid ESP"]
[Date "2012.11.07"]
[Round "3.11"]
[White "Martin-Consuegra Barrilero, Ja"]
[Black "Rodriguez Bachiller, Luis"]
[Result "1/2-1/2"]
[WhiteElo "1855"]
[BlackElo "1756"]
[PlyCount "68"]
[EventDate "2012.11.05"]
[EventType "swiss"]
[EventRounds "9"]
[EventCountry "ESP"]
[Source "lmi"]
[SourceDate "2012.11.05"]

1. d4 Nf6 2. Bf4 e6 3. e3 b6 4. h3 Bb7 5. Nf3 d5 6. Nbd2 c5 7. c3 Be7 8. Bd3
O-O 9. O-O Ba6 10. Qe2 Bxd3 11. Qxd3 c4 12. Qc2 Bd6 13. Bxd6 Qxd6 14. e4 Nxe4
15. Nxe4 dxe4 16. Qxe4 Nd7 17. Rfe1 Nf6 18. Qh4 Nd5 19. Ng5 h6 20. Ne4 Qc7 21.
a4 a6 22. Qg3 Qxg3 23. Nxg3 b5 24. Re5 Rfb8 25. a5 Nf4 26. Nf1 Nd3 27. Re2 b4
28. Ne3 bxc3 29. bxc3 Rb3 30. Rc2 Rc8 31. Ra4 Nb2 32. Ra2 Nd3 33. Ra4 Nb2 34.
Ra2 Nd3 1/2-1/2

[Event "Madrid ch Veteranos 2012-2013"]
[Site "Madrid ESP"]
[Date "2012.11.07"]
[Round "3.12"]
[White "Roldan Garcia, Angel"]
[Black "Hernandez Gutierrez, Jose"]
[Result "1/2-1/2"]
[WhiteElo "1755"]
[BlackElo "1854"]
[PlyCount "50"]
[EventDate "2012.11.05"]
[EventType "swiss"]
[EventRounds "9"]
[EventCountry "ESP"]
[Source "lmi"]
[SourceDate "2012.11.05"]

1. e4 e6 2. d4 d5 3. Nd2 a6 4. Ngf3 c5 5. c3 cxd4 6. Nxd4 dxe4 7. Nxe4 Nf6 8.
Bg5 Be7 9. Qf3 Nbd7 10. Nxf6+ Bxf6 11. Bxf6 Nxf6 12. Bd3 O-O 13. O-O Qc7 14.
Rfe1 Re8 15. Rad1 Bd7 16. h3 Rad8 17. Qe2 e5 18. Nb3 Ba4 19. Bc2 Rxd1 20. Rxd1
Bb5 21. Qe3 b6 22. Qd2 g6 23. Qd6 Qxd6 24. Rxd6 Nd7 25. Nd2 Kf8 1/2-1/2

[Event "Madrid ch Veteranos 2012-2013"]
[Site "Madrid ESP"]
[Date "2012.11.07"]
[Round "3.13"]
[White "Perez Cameselle, Francisco"]
[Black "Perez Cristobal, Alberto"]
[Result "1-0"]
[WhiteElo "1853"]
[BlackElo "1728"]
[PlyCount "110"]
[EventDate "2012.11.05"]
[EventType "swiss"]
[EventRounds "9"]
[EventCountry "ESP"]
[Source "lmi"]
[SourceDate "2012.11.05"]

1. e4 e6 2. d4 d5 3. Nc3 dxe4 4. Nxe4 Nd7 5. Nf3 Ngf6 6. Bd3 Nxe4 7. Bxe4 Nf6
8. Bd3 Be7 9. O-O O-O 10. Ne5 c5 11. dxc5 Bxc5 12. Qe2 Qd4 13. c3 Qh4 14. Nf3
Qh5 15. Bf4 b6 16. Rfe1 Bb7 17. Ne5 Qxe2 18. Rxe2 Rfd8 19. Bc4 Nd5 20. Bg3 a6
21. Rae1 Rac8 22. Bb3 b5 23. a3 a5 24. h4 Nf6 25. Nxf7 Kxf7 26. Bxe6+ Kf8 27.
Bxc8 Bxc8 28. Bc7 Rd5 29. Bxa5 Bd6 30. Bb4 Bxb4 31. axb4 Bf5 32. Re5 Bd3 33.
Rxd5 Nxd5 34. Rd1 Bc4 35. g3 Kf7 36. Kg2 Kf6 37. Kf3 h5 38. Ke4 Ke6 39. Kd4 Nf6
40. Kc5 Ne4+ 41. Kc6 Nxf2 42. Re1+ Kf5 43. b3 Bd3 44. Re3 Kg4 45. c4 bxc4 46.
bxc4 g5 47. hxg5 Kxg5 48. Kd5 Kg4 49. c5 Be4+ 50. Rxe4+ Nxe4 51. Kxe4 Kxg3 52.
c6 h4 53. c7 h3 54. c8=Q h2 55. Qh8 Kg2 1-0

[Event "Madrid ch Veteranos 2012-2013"]
[Site "Madrid ESP"]
[Date "2012.11.07"]
[Round "3.14"]
[White "Lopez Peral, Enrique"]
[Black "Alfageme Sanchez, Jesus"]
[Result "1-0"]
[WhiteElo "1832"]
[BlackElo "1720"]
[PlyCount "77"]
[EventDate "2012.11.05"]
[EventType "swiss"]
[EventRounds "9"]
[EventCountry "ESP"]
[Source "lmi"]
[SourceDate "2012.11.05"]

1. e4 Nc6 2. d4 e5 3. Nf3 exd4 4. Nxd4 Ne5 5. Nc3 Nf6 6. f4 Ng6 7. e5 Ng8 8.
Bc4 d6 9. O-O N8e7 10. exd6 Qxd6 11. Ne4 Qb6 12. Kh1 Nf5 13. Nxf5 Bxf5 14. Ng5
Bd6 15. Nxf7 Rf8 16. Nxd6+ cxd6 17. Qe2+ Kd7 18. Bb5+ Kc7 19. Be3 Qa5 20. a3 a6
21. Bc4 Kd7 22. Bd3 Rae8 23. Bxf5+ Rxf5 24. Qd3 Rd5 25. Qb3 Rb5 26. Qd3 Rd5 27.
Qe2 Nh4 28. Qf2 Nf5 29. Bb6 Qb5 30. c4 Qxc4 31. Rac1 Qb5 32. Rc7+ Ke6 33. g4
Ne7 34. Re1+ Kf7 35. Qe3 Rd3 36. Rxe7+ Rxe7 37. Qxe7+ Kg8 38. Qd8+ Kf7 39. Re7+
1-0

[Event "Madrid ch Veteranos 2012-2013"]
[Site "Madrid ESP"]
[Date "2012.11.07"]
[Round "3.15"]
[White "Martinez Miura, Enrique"]
[Black "Osorio Ramos, Francisco"]
[Result "1/2-1/2"]
[WhiteElo "1735"]
[BlackElo "1831"]
[PlyCount "41"]
[EventDate "2012.11.05"]
[EventType "swiss"]
[EventRounds "9"]
[EventCountry "ESP"]
[Source "lmi"]
[SourceDate "2012.11.05"]

1. e4 d6 2. d4 Nf6 3. Nc3 Nbd7 4. Nf3 e5 5. dxe5 dxe5 6. a3 Be7 7. Be2 O-O 8.
O-O c6 9. h3 Qc7 10. Be3 Nc5 11. Bxc5 Bxc5 12. Qe1 b5 13. b4 Be7 14. Bd3 Bb7
15. Qe2 a6 16. Rfe1 Nd7 17. Na2 Nb6 18. c4 Rfd8 19. c5 Nd7 20. Bc2 Nf6 21. Bb3
1/2-1/2

[Event "Madrid ch Veteranos 2012-2013"]
[Site "Madrid ESP"]
[Date "2012.11.07"]
[Round "3.16"]
[White "Rodriguez Gomez, Jose"]
[Black "Martinez Rubio, Felipe"]
[Result "0-1"]
[WhiteElo "1709"]
[BlackElo "1815"]
[PlyCount "82"]
[EventDate "2012.11.05"]
[EventType "swiss"]
[EventRounds "9"]
[EventCountry "ESP"]
[Source "lmi"]
[SourceDate "2012.11.05"]

1. e4 e6 2. d4 d5 3. exd5 exd5 4. Nf3 Bd6 5. Bd3 Ne7 6. Bg5 f6 7. Be3 Bg4 8. h3
Bh5 9. g4 Bg6 10. Nc3 c6 11. Nh4 Bxd3 12. Qxd3 Qd7 13. Na4 Na6 14. Nc5 Nxc5 15.
dxc5 Be5 16. O-O-O O-O-O 17. f4 Bc7 18. Nf3 Ng6 19. f5 Ne5 20. Nxe5 fxe5 21.
Rhe1 h6 22. Qa3 a6 23. Bd2 e4 24. Ba5 Rhe8 25. Bc3 Be5 26. Rxe4 Bxc3 27. Rxe8
Bxb2+ 28. Qxb2 Rxe8 29. Qd4 Re4 30. Qxe4 dxe4 31. Rxd7 Kxd7 32. Kd2 Ke7 33. Ke3
Kf6 34. h4 Ke5 35. c4 h5 36. f6 gxf6 37. gxh5 f5 38. h6 f4+ 39. Ke2 Kf6 40. h5
Kf7 41. Kf2 Kg8 0-1

[Event "Madrid ch Veteranos 2012-2013"]
[Site "Madrid ESP"]
[Date "2012.11.07"]
[Round "3.17"]
[White "Alvarez Escudero, Manuel"]
[Black "Poblador Dieguez, Alfredo"]
[Result "1/2-1/2"]
[WhiteElo "1803"]
[BlackElo "1680"]
[PlyCount "27"]
[EventDate "2012.11.05"]
[EventType "swiss"]
[EventRounds "9"]
[EventCountry "ESP"]
[Source "lmi"]
[SourceDate "2012.11.05"]

1. e4 c5 2. Nf3 d6 3. b3 Nf6 4. Bb2 e5 5. Nc3 a6 6. Bc4 b5 7. Bd5 Nxd5 8. Nxd5
Bg4 9. c3 Nd7 10. d4 Be7 11. dxc5 Nxc5 12. Qe2 O-O 13. h3 Be6 14. O-O 1/2-1/2

[Event "Madrid ch Veteranos 2012-2013"]
[Site "Madrid ESP"]
[Date "2012.11.07"]
[Round "3.18"]
[White "Fernandez- Bujarrabal V., Pedr"]
[Black "Fernandez Garcia, Ignacio"]
[Result "1/2-1/2"]
[WhiteElo "1677"]
[BlackElo "1794"]
[PlyCount "127"]
[EventDate "2012.11.05"]
[EventType "swiss"]
[EventRounds "9"]
[EventCountry "ESP"]
[Source "lmi"]
[SourceDate "2012.11.05"]

1. e4 d6 2. d4 g6 3. Nf3 Bg7 4. Be3 Nf6 5. Bd3 O-O 6. h3 c6 7. c4 b5 8. b3 bxc4
9. bxc4 d5 10. Nbd2 dxe4 11. Nxe4 Nxe4 12. Bxe4 Be6 13. Qc2 Nd7 14. Rd1 Rc8 15.
O-O Nf6 16. Bd3 Qc7 17. Rb1 Rb8 18. Rxb8 Rxb8 19. Rb1 Bc8 20. Rxb8 Qxb8 21. Qb3
Nd7 22. c5 Qxb3 23. axb3 f5 24. Bc4+ Kf8 25. Ng5 Nf6 26. Ne6+ Bxe6 27. Bxe6 Ke8
28. Kf1 Nd5 29. Ke2 Kd8 30. Kd3 Nc7 31. Bc4 e6 32. Bf4 Nd5 33. Bg5+ Kd7 34. g3
h6 35. Bd2 Nf6 36. f3 Nh5 37. g4 Nf6 38. b4 fxg4 39. fxg4 Nd5 40. Ke4 g5 41.
Be1 Bf6 42. b5 Kc7 43. Ba5+ Kb7 44. bxc6+ Kxc6 45. Bf1 Nc7 46. Bxc7 Kxc7 47.
Bc4 Kd7 48. Bb5+ Kc7 49. d5 exd5+ 50. Kxd5 a5 51. Kc4 Be7 52. Kd5 Kb7 53. Kc4
Bd8 54. Kd5 Bc7 55. Kc4 Bf4 56. Kd5 Kc7 57. Ke6 Be3 58. Kd5 Kd8 59. Kc6 Bf4 60.
Kb7 Be3 61. Kc6 Ke7 62. Kd5 Bf4 63. Ba4 Be3 64. Bb5 1/2-1/2